Detalles MARC
| 000 -LIDER |
| fixed length control field |
00819nam a22002537a 4500 |
| 001 - NÚMERO DE CONTROL |
| Identificador de número de control |
0002541 |
| 003 - IDENTIFICACDOR DE NÚMERO DE CONTROL |
| control field |
DO-SdBNP |
| 005 - DATE AND TIME OF LATEST TRANSACTION |
| control field |
20220624093028.0 |
| 007 - CAMPOS FIJOS DE DESCRIPCIÓN FÍSICA |
| fixed length control field |
0002541 |
| 008 - ELEMENTOS DE LONGITUD FIJA |
| fixed length control field |
160419b 1992 mx |||| 00| 0 spa d |
| 020 ## - ISBN |
| International Standard Book Number |
9688802719 (v.4) |
| 040 ## - FUENTE DE CATALOGACIÓN |
| Enlace |
BPMSU |
| Campo enlazado y núm. de secuencia |
spa |
| Agencia que crea de manera original el registro |
BPMSU |
| Agencia que realiza la transcripción |
|
| 082 ## - NÚMERO DE CLASIFICACIÓN DECIMAL DE DEWEY |
| Classification number |
005.3 |
| Item number |
C978m 1992 |
| Edition number |
22 |
| 100 1# - ASIENTO PRINCIPAL -- NOMBRE PERSONAL |
| Nombre personal |
Curtir, Dennis P. |
| 245 10 - MENCIÓN DE TITULO |
| Título |
Mnaual moderno de computación / |
| Mención de responsabilidad |
Dennis P. Curtin; editor José Tomás Pérez Bonilla: traductor Sergio Kourchenko Barrena |
| 260 ## - PUBLICACIÓN, DISTRIBUCIÓN, ETC. (PIE DE IMPRENTA) |
| Lugar de publicación, distribución, etc |
México : |
| Nombre del editor, distribuidor, etc. |
Prentice-Hall Hispanoamericana, |
| Fecha de publicación, distribución, etc |
1992 |
| 300 ## - DESCRIPCIÓN FÍSICA |
| Extensión |
v. : |
| Dimensiones |
32 cm. |
| 590 ## - NOTA LOCAL |
| Enlace |
Inventariado, 2022/VM |
| 650 #4 - ENCABEZAMIENTO DE MATERIA--TEMÁTICO |
| Término temático o nombre geográfico como elemento de entrada |
Windows (Programa para computador) |
| 700 ## - ASIENTO SECUNDARIO -- NOMBRE PERSONAL |
| Nombre personal |
Pérez Bonilla, José Tomás |
| Mención de responsabilidad |
ed. |
| 700 ## - ASIENTO SECUNDARIO -- NOMBRE PERSONAL |
| Nombre personal |
Sergio Kourchenko Barrena |
| Mención de responsabilidad |
traductor |
| Término de relación |
|
| 910 ## - VALIDACIÓN |
| Validación |
VMateo V. |
| 942 ## - ADDED ENTRY ELEMENTS (KOHA) |
| Source of classification or shelving scheme |
Dewey Decimal Classification |
| Koha item type |
Libros |